000 00615nam a22002297a 4500
003 UA-OsUOA
001 99867
007 ta
008 20130520b un ||||| |||| 00| 0 ukr d
100 _aГрассо М.
090 _a821.131.1
_bГ77
942 _cBK
040 _aUA-OsUOA
_bukr
_cUA-OsUOA
_dUA-OsUOA
245 _aГолос античного моря
_bвірші та поема
300 _a175 с.
955 _a3
041 _aukr
080 _a821.131.1
260 _aК.
_bДніпро
_c1989
650 7 _a82 Література. Літературознавство
_2UDC
999 _c386103
_d386103